=LDR 00000nam 2200000 4500 =001 000890 =005 20250712120116 =035 ##$$a 0010-0725000768 =007 ta =008 250712################a##########0#jpn## =020 ##$$a 978-623-472-655-8 =082 ##$$a 398.209 598 =084 ##$$a 398.209 598 NIL j =100 #$$a Nilekani, Rohini =245 1#$$a Jangan Sekarang, Jangan Sekarang /$c Rohini Nilekani =250 ##$$a cetakan pertama =260 ##$$a jakarta :$b badan pengembangan dan pembinaan bahasa,$c 2022 =300 ##$$a 16 hlm. : $b ilus. ; $c 22,9 cm$e 398.209 598 =650 #4$$a cerita anak indonesia =856 ##$$a TBM As Suhada =990 ##$$a TBM202400742